[Event "SG Ennepe-Ruhr-Süd 1 - SK Königsspringe"]
[Site "Oberliga NRW 2016/2017"]
[Date "2016.11.13"]
[Round "3.6"]
[White "Osswald, Luis Monty"]
[Black "Klauke, Stefan"]
[Result "1-0"]
[WhiteElo "2094"]
[BlackElo "2109"]
[PlyCount "61"]
[EventDate "2016.??.??"]
[WhiteTeam "SG Ennepe-Ruhr-Süd 1"]
[BlackTeam "SK Königsspringer Iserlohn 1"]

1. e4 c5 2. Nf3 Nf6 3. Nc3 d5 4. exd5 Nxd5 5. Bb5+ Bd7 6. Ne5 Bxb5 7. Qf3 f6 8.
Nxb5 Na6 9. Nc4 Qd7 10. Nbd6+ exd6 11. Qxd5 Nb4 12. Qh5+ g6 13. Qe2+ Kf7 14.
Ne3 Re8 15. O-O d5 16. c3 Nc6 17. d4 Nxd4 18. cxd4 cxd4 19. Qd3 dxe3 20. Bxe3
b6 21. Rfd1 Rd8 22. Rac1 Be7 23. Rc2 Rhe8 24. Kf1 Qe6 25. Bd4 Qe4 26. Rc7 Qf4
27. Qg3 Qxg3 28. hxg3 Ra8 29. Re1 Kf8 30. Re6 Rac8 31. Rexe7 1-0

[Event "SG Ennepe-Ruhr-Süd 1 - SK Königsspringe"]
[Site "Oberliga NRW 2016/2017"]
[Date "2016.11.13"]
[Round "3.7"]
[White "Schwanbeck, Christoph"]
[Black "Bruchmann, Norbert"]
[Result "0-1"]
[WhiteElo "2070"]
[BlackElo "2029"]
[Annotator "Hausrath,Daniel"]
[PlyCount "114"]
[EventDate "2016.??.??"]
[WhiteTeam "SK Königsspringer Iserlohn 1"]
[BlackTeam "SG Ennepe-Ruhr-Süd 1"]

1. Nf3 Nf6 2. d4 c5 3. c3 e6 4. Bf4 d5 5. e3 Nc6 6. Nbd2 Bd6 7. Bg3 O-O 8. Bd3
b6 9. Ne5 Bb7 10. Qe2 Qc7 11. f4 Ne7 12. O-O Nf5 13. Be1 c4 14. Bc2 Be7 15. g4
Nd6 16. Bh4 b5 17. Rf3 Nfe4 18. Bxe7 Qxe7 19. Rh3 f6 20. Nef3 g6 21. Qg2 a5 22.
Nxe4 dxe4 23. Nd2 f5 24. gxf5 exf5 25. Rg3 Bd5 26. Qf1 Rfc8 27. a3 Rab8 28. Rg2
Ne8 29. Bd1 Rc7 30. Rc1 Rbc8 31. Nb1 Kh8 32. Rg5 Nf6 33. Be2 Bf7 34. Nd2 Nd5
35. Rg3 $11 Nb6 36. Rg5 Na4 37. Rc2 Nb6 38. Rc1 Na4 39. Rc2 h6 40. Rg3 Kh7 41.
Kh1 Nb6 42. Rc1 Be6 43. Qg2 Qf6 44. Rg1 Rg8 45. Bd1 Rcg7 46. h4 Nd5 47. Be2 Qe7
48. a4 Nb6 49. axb5 Qd7 50. b3 cxb3 51. c4 a4 52. c5 Nd5 53. Ra1 Nxe3 54. Rxe3
Qxd4 55. Qg1 Qxd2 56. Rd1 Qb4 57. Rg3 b2 0-1

[Event "SG Ennepe-Ruhr-Süd 1 - SK Königsspringe"]
[Site "Oberliga NRW 2016/2017"]
[Date "2016.11.13"]
[Round "3.8"]
[White "Garweg, Udo"]
[Black "Kramps, Rene"]
[Result "1/2-1/2"]
[WhiteElo "1960"]
[BlackElo "2056"]
[Annotator "Hausrath,Daniel"]
[PlyCount "65"]
[EventDate "2016.??.??"]
[WhiteTeam "SG Ennepe-Ruhr-Süd 1"]
[BlackTeam "SK Königsspringer Iserlohn 1"]

1. e4 d5 2. exd5 Nf6 3. d4 e6 4. Bd3 exd5 5. Bg5 Be7 6. Nf3 O-O 7. O-O c6 8.
Re1 Be6 9. Nbd2 Nbd7 10. c3 Re8 11. h3 Qc7 12. Qc2 h6 13. Bh4 Bd6 14. Nf1 Nh5
15. Qd1 Nf4 16. Bg3 Nf8 $11 17. Ne5 Nxd3 18. Nxd3 Ng6 19. Qf3 Bd7 20. Bxd6 Qxd6
21. Ng3 Rxe1+ 22. Rxe1 Re8 23. Rxe8+ Bxe8 24. Qe3 Bd7 25. Ne5 Qe6 26. Nxg6 Qxg6
27. Qe7 Qe6 28. Qxe6 Bxe6 29. Kf1 Kf8 30. Ke2 Ke7 31. Ke3 g6 32. Ne2 Kf6 33.
Nf4 1/2-1/2

[Event "SV Wattenscheid 1 - Oberhausener SV 1"]
[Site "Oberliga NRW 2016/2017"]
[Date "2016.11.13"]
[Round "3.1"]
[White "Hort, Vlastimil"]
[Black "Koscielski, Janusz"]
[Result "1-0"]
[WhiteElo "2370"]
[BlackElo "2270"]
[PlyCount "121"]
[EventDate "2016.??.??"]
[WhiteTeam "Oberhausener SV 1"]
[BlackTeam "SV Wattenscheid 1"]

1. e4 c5 2. Nc3 Nc6 3. Nge2 g6 4. d4 cxd4 5. Nxd4 Bg7 6. Be3 d6 7. Qd2 Nf6 8.
f3 O-O 9. O-O-O d5 10. Nxc6 bxc6 11. exd5 Nxd5 12. Bd4 e5 13. Bc5 Be6 14. Ne4
Re8 15. h4 h6 16. g4 Qc7 17. Bc4 Red8 18. Qe1 Nf4 19. Bxe6 Nxe6 20. Qe3 Nf4 21.
a3 Nd5 22. Qe2 Rd7 23. g5 h5 24. Rd2 Nf4 25. Qc4 Rxd2 26. Nxd2 Rd8 27. Ne4 Rd5
28. Kb1 Ne6 29. Be3 Nd4 30. Rd1 Nf5 31. Bd2 Ne3 32. Bxe3 Rxd1+ 33. Ka2 Qd7 34.
Qa6 Rh1 35. Bxa7 Rxh4 36. Bc5 Rf4 37. Qe2 f5 38. gxf6 Bxf6 39. c4 Be7 40. Be3
Rf8 41. a4 Qf5 42. a5 Qxf3 43. Qxf3 Rxf3 44. a6 Rf8 45. a7 Ra8 46. Bb6 g5 47.
Kb3 Kf7 48. Ka4 Bd8 49. Bxd8 Rxd8 50. Ka5 g4 51. b4 Ke6 52. b5 cxb5 53. cxb5
Kd5 54. Nf6+ Kd6 55. Ka6 g3 56. Ne4+ Kc7 57. b6+ Kc6 58. Nxg3 h4 59. Nf5 h3 60.
b7 h2 61. b8=Q 1-0

[Event "SV Wattenscheid 1 - Oberhausener SV 1"]
[Site "Oberliga NRW 2016/2017"]
[Date "2016.11.13"]
[Round "3.2"]
[White "Thiel, Thomas"]
[Black "Becker, Marcel"]
[Result "1-0"]
[WhiteElo "2261"]
[BlackElo "2335"]
[PlyCount "49"]
[EventDate "2016.??.??"]
[WhiteTeam "SV Wattenscheid 1"]
[BlackTeam "Oberhausener SV 1"]

1. e4 c6 2. d4 d5 3. Nc3 dxe4 4. Nxe4 Bf5 5. Ng3 Bg6 6. Nh3 e6 7. Bc4 Bd6 8.
O-O Nf6 9. f4 Qc7 10. Kh1 O-O 11. f5 exf5 12. Nxf5 Bxh2 13. Qf3 Nh5 14. Ng5 Nd7
15. Bxf7+ Rxf7 16. Nxf7 Ndf6 17. Ne5 Bxe5 18. dxe5 Qxe5 19. Kg1 Re8 20. Bg5
Qc5+ 21. Qf2 Qxf2+ 22. Rxf2 Ne4 23. Ne7+ Kh8 24. Re1 Nhg3 25. Bh4 1-0

[Event "SV Wattenscheid 1 - Oberhausener SV 1"]
[Site "Oberliga NRW 2016/2017"]
[Date "2016.11.13"]
[Round "3.3"]
[White "Litwak, Aleksej"]
[Black "Franke, Johannes"]
[Result "1/2-1/2"]
[WhiteElo "2280"]
[BlackElo "2262"]
[PlyCount "36"]
[EventDate "2016.??.??"]
[WhiteTeam "Oberhausener SV 1"]
[BlackTeam "SV Wattenscheid 1"]

1. e4 c6 2. d4 d5 3. Nc3 dxe4 4. Nxe4 Nf6 5. Nxf6+ gxf6 6. c3 Qd5 7. Nf3 Bf5 8.
Qb3 Qxb3 9. axb3 Nd7 10. b4 e6 11. Be3 Bd6 12. Nd2 a6 13. b5 cxb5 14. Bxb5 Rg8
15. g3 O-O-O 16. Be2 Nb6 17. O-O Nd5 18. Bf3 Bd3 1/2-1/2

[Event "SV Wattenscheid 1 - Oberhausener SV 1"]
[Site "Oberliga NRW 2016/2017"]
[Date "2016.11.13"]
[Round "3.4"]
[White "Sandkamp, Ralph"]
[Black "Kaufeld, Juergen"]
[Result "1/2-1/2"]
[WhiteElo "2168"]
[BlackElo "2279"]
[PlyCount "53"]
[EventDate "2016.??.??"]
[WhiteTeam "SV Wattenscheid 1"]
[BlackTeam "Oberhausener SV 1"]

1. c4 Nf6 2. g3 g6 3. Bg2 d5 4. cxd5 Nxd5 5. Nc3 Nb6 6. d3 Bg7 7. Be3 Na6 8.
Qd2 h5 9. Nf3 c6 10. a3 Bg4 11. h3 Bxf3 12. Bxf3 Nc7 13. Qc2 Ne6 14. Rc1 Nd4
15. Bxd4 Qxd4 16. e3 Qf6 17. Bg2 O-O 18. O-O Rfd8 19. d4 e5 20. Ne4 Qe7 21. Qc5
Qe6 22. dxe5 Bxe5 23. Qc2 Qa2 24. Nc3 Qc4 25. Ne4 Qa2 26. Nc3 Qc4 27. Ne4
1/2-1/2

[Event "SV Wattenscheid 1 - Oberhausener SV 1"]
[Site "Oberliga NRW 2016/2017"]
[Date "2016.11.13"]
[Round "3.5"]
[White "Kummerow, Heiko"]
[Black "Kaehmann, Joerg"]
[Result "1-0"]
[WhiteElo "2165"]
[BlackElo "2186"]
[PlyCount "83"]
[EventDate "2016.??.??"]
[WhiteTeam "Oberhausener SV 1"]
[BlackTeam "SV Wattenscheid 1"]

1. e4 c5 2. Nf3 d6 3. d4 cxd4 4. Nxd4 Nf6 5. Nc3 Nc6 6. Bg5 e6 7. Qd2 a6 8.
O-O-O Bd7 9. f3 h6 10. Be3 b5 11. Nxc6 Bxc6 12. Kb1 Qc7 13. Ne2 Bb7 14. Nd4 Nd7
15. g4 g6 16. Nb3 Rc8 17. Be2 Be7 18. Rc1 h5 19. gxh5 Rxh5 20. f4 Bxe4 21. Bxh5
Bxh1 22. Bxg6 fxg6 23. Rxh1 Qc6 24. Re1 Kf7 25. Nd4 Qd5 26. Bf2 Nc5 27. Qe2 Bf6
28. Nf3 Qf5 29. Bd4 Bxd4 30. Nxd4 Qf6 31. Qe3 Re8 32. Nf3 Kg7 33. Ng5 e5 34.
Nf3 e4 35. Nd4 Rf8 36. f5 gxf5 37. b4 Na4 38. Rf1 Qh6 39. Nxf5+ Rxf5 40. Qxh6+
Kxh6 41. Rxf5 Kg6 42. Rf8 1-0

[Event "SV Wattenscheid 1 - Oberhausener SV 1"]
[Site "Oberliga NRW 2016/2017"]
[Date "2016.11.13"]
[Round "3.6"]
[White "Koerber, Matthias"]
[Black "Stillger, Bernhard"]
[Result "1/2-1/2"]
[WhiteElo "2160"]
[BlackElo "2234"]
[Annotator "Hausrath,Daniel"]
[PlyCount "79"]
[EventDate "2016.??.??"]
[WhiteTeam "SV Wattenscheid 1"]
[BlackTeam "Oberhausener SV 1"]

1. d4 Nf6 2. c4 e6 3. Nf3 Bb4+ 4. Bd2 Bxd2+ 5. Qxd2 O-O 6. Nc3 d5 7. e3 Nbd7 8.
cxd5 exd5 9. Bd3 c6 10. O-O Qe7 11. Qc2 Re8 12. Rab1 g6 13. b4 a6 14. a4 Nb6
15. a5 Nbd7 16. Na4 Ne4 17. Nc5 Nd6 18. Rbe1 Nf6 19. Ne5 Ng4 20. Nxg4 Bxg4 21.
f3 Be6 22. e4 dxe4 23. fxe4 Qh4 24. g3 Qh6 25. e5 Nf5 26. Bxf5 Bxf5 $11 27. Qb3
Be6 28. Qe3 Qxe3+ 29. Rxe3 Rad8 30. Rd1 Bg4 31. Rd2 Re7 32. Kf2 Bf5 33. Kf3 h5
34. Kf4 Kg7 35. Re1 Rd5 36. Ree2 Bg4 37. Re3 Bf5 38. Re1 Rd8 39. Rdd1 Bg4 40.
Rd2 1/2-1/2

[Event "SV Wattenscheid 1 - Oberhausener SV 1"]
[Site "Oberliga NRW 2016/2017"]
[Date "2016.11.13"]
[Round "3.7"]
[White "Ciornei, Dragos"]
[Black "Schroeder, Wilfried"]
[Result "0-1"]
[WhiteElo "2124"]
[BlackElo "2164"]
[PlyCount "96"]
[EventDate "2016.??.??"]
[WhiteTeam "Oberhausener SV 1"]
[BlackTeam "SV Wattenscheid 1"]

1. e4 c6 2. d4 d5 3. Nc3 dxe4 4. Nxe4 Bf5 5. Ng3 Bg6 6. Bc4 e6 7. N1e2 Bd6 8.
O-O Nd7 9. f4 Ne7 10. Bd3 Qc7 11. Nc3 Nf6 12. Nce4 Nxe4 13. Nxe4 O-O 14. Qe2
Rfd8 15. c3 c5 16. dxc5 Bxc5+ 17. Nxc5 Qxc5+ 18. Be3 Bxd3 19. Bxc5 Bxe2 20.
Bxe7 Bxf1 21. Bxd8 Bxg2 22. Be7 Bd5 23. b3 f6 24. c4 Bc6 25. Rd1 Kf7 26. Bc5
Kg6 27. Kf2 Kf5 28. Ke3 a6 29. Rg1 g6 30. Bd6 Rd8 31. c5 h6 32. h4 Re8 33. b4
e5 34. fxe5 fxe5 35. a3 g5 36. hxg5 hxg5 37. Rf1+ Ke6 38. Kf2 Kd5 39. Kg3 e4
40. Kg4 e3 41. Re1 Ke4 42. Bg3 Kd3 43. Kxg5 e2 44. Bf4 Rf8 45. Ra1 Ba4 46. Rh1
Ke4 47. Bd2 Rf1 48. Rh7 Kd3 0-1

[Event "SV Wattenscheid 1 - Oberhausener SV 1"]
[Site "Oberliga NRW 2016/2017"]
[Date "2016.11.13"]
[Round "3.8"]
[White "Gohla, Ulf"]
[Black "Voge, Andreas"]
[Result "0-1"]
[WhiteElo "2100"]
[BlackElo "2099"]
[PlyCount "62"]
[EventDate "2016.??.??"]
[WhiteTeam "SV Wattenscheid 1"]
[BlackTeam "Oberhausener SV 1"]

1. d4 Nf6 2. c4 e5 3. Nc3 exd4 4. Qxd4 Nc6 5. Qd2 Bb4 6. Qe3+ Be7 7. Nd5 Nxd5
8. cxd5 Nb4 9. Qe4 O-O 10. Bd2 a5 11. a3 Na6 12. Bc3 Bf6 13. Rc1 d6 14. e3 Nc5
15. Qf4 Bg5 16. Qd4 Bh6 17. Bc4 Re8 18. Qd1 Qh4 19. Be2 Rxe3 20. Nf3 Rxf3 21.
gxf3 Bxc1 22. Qxc1 Bf5 23. Qe3 Bg6 24. Bxa5 f6 25. Bc3 Re8 26. Qd4 Nd3+ 27. Kd2
Qg5+ 28. f4 Nxf4 29. Bd1 Ne2+ 30. f4 Nxf4 31. Rg1 Ng2+ 0-1

[Event "SV Dinslaken 1 - Bahn-SC Wuppertal 1"]
[Site "Oberliga NRW 2016/2017"]
[Date "2016.11.13"]
[Round "3.1"]
[White "Savchenko, Vyacheslav"]
[Black "Sielecki, Christof"]
[Result "1/2-1/2"]
[WhiteElo "2332"]
[BlackElo "2393"]
[Annotator "Hausrath,Daniel"]
[PlyCount "164"]
[EventDate "2016.??.??"]
[WhiteTeam "Bahn-SC Wuppertal 1"]
[BlackTeam "SV Dinslaken 1"]

1. e4 e5 2. Nf3 Nc6 3. Bb5 a6 4. Ba4 g6 5. d3 Bg7 6. c3 Nge7 7. Nbd2 h6 8. h3
O-O 9. Nf1 d5 10. Qe2 Be6 11. Ne3 d4 12. Ng4 Kh7 13. Qd2 b5 14. Bb3 Bxb3 15.
axb3 Ng8 16. cxd4 Nxd4 17. Nxd4 Qxd4 18. O-O f5 19. exf5 gxf5 20. Nh2 Ne7 21.
Nf3 Qd6 22. Qc2 Nd5 23. Bd2 c5 24. Rfe1 Rac8 25. Bc3 Nb4 26. Qd2 Rfe8 27. Bxb4
cxb4 28. Qe3 e4 29. dxe4 fxe4 30. Rad1 Qc5 31. Qxc5 Rxc5 32. Nd2 e3 33. Rxe3
Rd8 34. Kf1 Rcd5 35. Re2 Bxb2 36. Rb1 Bg7 37. Ne4 a5 38. Ra2 Ra8 39. Ke2 Rd4
40. f3 a4 41. Rc1 Rad8 42. Rb1 a3 43. Rc2 Ra8 44. Ra2 Rc8 45. Ke3 Rd7 46. Ke2
Kg6 47. Ke3 Bd4+ 48. Ke2 Be5 49. Ke3 Rcd8 50. Ke2 h5 51. g3 Rc8 52. Ke3 Rdc7
53. f4 Bg7 54. f5+ Kxf5 55. Nd6+ Ke6 56. Nxc8 Rxc8 57. Re2 Kf5 58. Kf3 Ra8 59.
Ra2 $11 Rd8 60. Re1 Bc3 61. g4+ hxg4+ 62. hxg4+ Kg5 63. Rh1 Rd3+ 64. Ke4 Rd4+
65. Ke3 Rxg4 66. Rah2 Kf6 67. Rf1+ Kg6 68. Kf3 Rg5 69. Ke4 Rg3 70. Kf4 Rg5 71.
Ke4 Bg7 72. Rff2 Bb2 73. Rxb2 axb2 74. Rxb2 Kf6 75. Rh2 Rg3 76. Rh6+ Ke7 77.
Rb6 Rxb3 78. Rxb5 Kd6 79. Kd4 Kc6 80. Kc4 Rc3+ 81. Kxb4 Rb3+ 82. Kxb3 Kxb5
1/2-1/2

[Event "SV Dinslaken 1 - Bahn-SC Wuppertal 1"]
[Site "Oberliga NRW 2016/2017"]
[Date "2016.11.13"]
[Round "3.2"]
[White "Tereick, Benjamin"]
[Black "Savchenko, Aleksij"]
[Result "0-1"]
[WhiteElo "2405"]
[BlackElo "2238"]
[PlyCount "86"]
[EventDate "2016.??.??"]
[WhiteTeam "SV Dinslaken 1"]
[BlackTeam "Bahn-SC Wuppertal 1"]

1. Nf3 Nf6 2. c4 g6 3. d4 Bg7 4. e3 d6 5. Nc3 O-O 6. Be2 Nbd7 7. b3 e5 8. Bb2
Re8 9. Qc2 c6 10. a4 Qc7 11. a5 Nf8 12. O-O exd4 13. exd4 Bf5 14. Qd2 a6 15. d5
c5 16. Bd3 Bxd3 17. Qxd3 Nh5 18. Qd2 Re7 19. Nd1 Rae8 20. Bxg7 Nxg7 21. Ne3 Qc8
22. Qc3 Nd7 23. Rab1 h5 24. Nd2 Re5 25. Nf3 R5e7 26. Ne1 Ne5 27. Nd3 Ng4 28.
Nxg4 Qxg4 29. b4 cxb4 30. Rxb4 Nf5 31. h3 Qg5 32. Qc1 Qf6 33. Qb2 Nd4 34. Rb6
Re2 35. Qb4 Qf5 36. Qb1 Rd2 37. Nb4 Qf4 38. Rxb7 Ree2 39. Nd3 Nf3+ 40. gxf3
Qg3+ 41. Kh1 Qxh3+ 42. Kg1 Qg3+ 43. Kh1 Qxf3+ 0-1

[Event "SV Dinslaken 1 - Bahn-SC Wuppertal 1"]
[Site "Oberliga NRW 2016/2017"]
[Date "2016.11.13"]
[Round "3.3"]
[White "Khanukov, Boris"]
[Black "Trella, Thomas"]
[Result "1/2-1/2"]
[WhiteElo "2252"]
[BlackElo "2368"]
[Annotator "Hausrath,Daniel"]
[PlyCount "83"]
[EventDate "2016.??.??"]
[WhiteTeam "Bahn-SC Wuppertal 1"]
[BlackTeam "SV Dinslaken 1"]

1. d4 e6 2. c4 Bb4+ 3. Bd2 a5 4. Nc3 Nf6 5. e3 O-O 6. Bd3 d5 7. Nf3 b6 8. O-O
Bb7 9. Qe2 Ne4 10. Rac1 Nd7 11. a3 Be7 12. Rfd1 f5 13. Be1 Kh8 14. Nd2 Nxc3 15.
Rxc3 Bd6 16. f4 c5 17. Nf3 Nf6 18. Bh4 Qe8 19. Bxf6 Rxf6 20. Ne5 Rc8 $11 21.
cxd5 exd5 22. Bb5 Qd8 23. Rdc1 Rc7 24. b3 g6 25. a4 Kg7 26. h3 Re6 27. R3c2
Ree7 28. Qd3 cxd4 29. exd4 Rxc2 30. Rxc2 Rc7 31. Kh2 Rxc2 32. Qxc2 Qc7 33.
Qxc7+ Bxc7 34. Kg3 Kf6 35. Kf3 h6 36. h4 g5 37. g3 g4+ 38. Ke3 Bc8 39. Bc6 Be6
40. Nd3 Bd6 41. Kd2 Bb4+ 42. Nxb4 1/2-1/2

[Event "SV Dinslaken 1 - Bahn-SC Wuppertal 1"]
[Site "Oberliga NRW 2016/2017"]
[Date "2016.11.13"]
[Round "3.4"]
[White "Mundorf, Johannes"]
[Black "Bashilin, Roman"]
[Result "1/2-1/2"]
[WhiteElo "2207"]
[BlackElo "2208"]
[PlyCount "52"]
[EventDate "2016.??.??"]
[WhiteTeam "SV Dinslaken 1"]
[BlackTeam "Bahn-SC Wuppertal 1"]

1. Nf3 d5 2. g3 c6 3. Bg2 Bf5 4. c4 e6 5. O-O h6 6. d3 Nf6 7. Be3 Be7 8. Qb3
Qc7 9. cxd5 exd5 10. Rc1 Na6 11. Nc3 O-O 12. a3 Bh7 13. Qa2 Qd7 14. b4 Nc7 15.
h3 Rfe8 16. Na4 Ne6 17. Nc5 Bxc5 18. bxc5 d4 19. Bd2 Qc7 20. Qc4 Nd7 21. Nxd4
Nxd4 22. Qxd4 Rxe2 23. Bxh6 Ne5 24. Bf4 Rd8 25. Qb4 a5 26. Qa4 Bxd3 1/2-1/2

[Event "SV Dinslaken 1 - Bahn-SC Wuppertal 1"]
[Site "Oberliga NRW 2016/2017"]
[Date "2016.11.13"]
[Round "3.5"]
[White "Ries, Benjamin"]
[Black "Walter, Andreas"]
[Result "1/2-1/2"]
[WhiteElo "2169"]
[BlackElo "2129"]
[PlyCount "48"]
[EventDate "2016.??.??"]
[WhiteTeam "Bahn-SC Wuppertal 1"]
[BlackTeam "SV Dinslaken 1"]

1. d4 Nf6 2. c4 e6 3. Nc3 Bb4 4. e3 O-O 5. Bd3 c5 6. Nf3 Nc6 7. O-O Bxc3 8.
bxc3 d6 9. Re1 e5 10. Nd2 Qe7 11. f3 Re8 12. d5 Nd8 13. a4 a5 14. Qc2 Rf8 15.
Rb1 g6 16. Nf1 Ne8 17. e4 f6 18. Ba3 Nf7 19. Re2 Ng7 20. Ne3 Nh5 21. g3 Ng5 22.
Rf1 Bh3 23. Ng2 Bd7 24. Qd1 Qe8 1/2-1/2

[Event "SV Dinslaken 1 - Bahn-SC Wuppertal 1"]
[Site "Oberliga NRW 2016/2017"]
[Date "2016.11.13"]
[Round "3.6"]
[White "Ossig, Rainer"]
[Black "Auer, Martin"]
[Result "0-1"]
[WhiteElo "2138"]
[BlackElo "2167"]
[PlyCount "140"]
[EventDate "2016.??.??"]
[WhiteTeam "SV Dinslaken 1"]
[BlackTeam "Bahn-SC Wuppertal 1"]

1. e4 d6 2. Nc3 g6 3. Bc4 Bg7 4. Qf3 e6 5. h4 h6 6. Nge2 Nc6 7. Qg3 Nf6 8. h5
g5 9. f4 gxf4 10. Nxf4 Rg8 11. Bb5 Bh8 12. Qf3 Bd7 13. Bxc6 bxc6 14. d3 Rb8 15.
Nfe2 Ng4 16. b3 Qe7 17. Bd2 Bf6 18. O-O-O Bg5 19. Kb2 Bxd2 20. Rxd2 Qg5 21. Qf4
Ke7 22. Nd1 e5 23. Qxg5+ Rxg5 24. Ng1 Nf6 25. Ne3 Rbg8 26. Nf3 Rxh5 27. Rxh5
Nxh5 28. Nh4 Ng7 29. Rf2 h5 30. Ka3 Rh8 31. Kb4 Rb8+ 32. Kc3 Be6 33. Rf3 f6 34.
a3 Kf7 35. Rg3 d5 36. Kd2 d4 37. Nf1 Rg8 38. Rf3 Bg4 39. Rf2 Ne8 40. a4 Nd6 41.
Ke1 Ke6 42. Ng3 Rg5 43. Kd2 Kf7 44. Nf1 Ke7 45. Nh2 Be6 46. Ke1 Bg8 47. Re2 Bh7
48. Kf2 Ke6 49. g3 Rg8 50. N2f3 Nf7 51. Re1 Nh6 52. Nh2 Rf8 53. Kg2 Kd6 54. Rf1
f5 55. exf5 Bxf5 56. Re1 Bh7 57. N4f3 Rf5 58. Nd2 Kd5 59. Nhf3 Ng4 60. Nc4 c5
61. Re2 Rf8 62. Ng5 Bg6 63. Nh3 Re8 64. Ng5 Rf8 65. Nh3 Rf5 66. Re1 Bf7 67. Re2
Kc6 68. Ng1 Bd5+ 69. Kh3 Bxc4 70. bxc4 Ne3 0-1

[Event "SV Dinslaken 1 - Bahn-SC Wuppertal 1"]
[Site "Oberliga NRW 2016/2017"]
[Date "2016.11.13"]
[Round "3.7"]
[White "Tueckmantel, Rene"]
[Black "Hoenig, Alexander"]
[Result "1/2-1/2"]
[WhiteElo "2094"]
[BlackElo "2133"]
[Annotator "Hausrath,Daniel"]
[PlyCount "90"]
[EventDate "2016.??.??"]
[WhiteTeam "Bahn-SC Wuppertal 1"]
[BlackTeam "SV Dinslaken 1"]

1. c4 c6 2. Nf3 Nf6 3. g3 d5 4. Bg2 Bf5 5. O-O e6 6. b3 Be7 7. Bb2 Nbd7 8. d3
h6 9. Nbd2 O-O 10. Re1 a5 11. e4 dxe4 12. dxe4 Bg6 13. e5 Nh7 14. Ne4 Nc5 15.
Nxc5 Bxc5 16. Bd4 Bxd4 17. Qxd4 Ng5 18. Rad1 Nxf3+ 19. Bxf3 Qc7 20. Qc5 Ra6 21.
Rd6 Qb6 22. Qe3 a4 23. Qxb6 Rxb6 24. Re3 Ra8 25. Bd1 a3 26. Re2 Bb1 27. Red2 g5
28. f4 Kg7 29. Kf2 Raa6 30. Ke3 c5 31. Rd7 Rb4 32. Bh5 Bg6 33. Bxg6 Kxg6 34.
fxg5 hxg5 35. Rf2 Rxb3+ 36. axb3 a2 37. Rxa2 Rxa2 38. h4 gxh4 39. gxh4 b6 40.
Rb7 Rh2 41. Rxb6 $11 Rxh4 42. Rb5 Kf5 43. Rxc5 Re4+ 44. Kd3 Rxe5 45. Rxe5+ Kxe5
1/2-1/2

[Event "SV Dinslaken 1 - Bahn-SC Wuppertal 1"]
[Site "Oberliga NRW 2016/2017"]
[Date "2016.11.13"]
[Round "3.8"]
[White "Borchert, Rene"]
[Black "Werbeck, Torsten"]
[Result "1-0"]
[WhiteElo "2115"]
[BlackElo "2051"]
[PlyCount "129"]
[EventDate "2016.??.??"]
[WhiteTeam "SV Dinslaken 1"]
[BlackTeam "Bahn-SC Wuppertal 1"]

1. e4 g6 2. d4 c6 3. c4 d6 4. Nc3 Bg7 5. Be3 a6 6. Be2 b5 7. cxb5 cxb5 8. a4 b4
9. Nd5 Bb7 10. Qb3 Nc6 11. Nf3 Na5 12. Qxb4 Bxd5 13. exd5 Rb8 14. Qc3 Nf6 15.
Bd2 Nb3 16. Rd1 O-O 17. Bc4 Ne4 18. Qd3 Nexd2 19. Nxd2 Nxd4 20. b3 Qb6 21. O-O
Rfc8 22. Rfe1 Rc7 23. h3 a5 24. Re4 Nf5 25. Nb1 Kf8 26. Na3 Bf6 27. Nb5 Rd7 28.
Kf1 Ng7 29. Qd2 Kg8 30. Rde1 Ra8 31. g4 Ne8 32. g5 Be5 33. f4 Bg7 34. Rxe7 Rxe7
35. Rxe7 Bf8 36. Re2 Ng7 37. Qd4 Qd8 38. Bd3 Qd7 39. Kg2 Nh5 40. Qe4 Rc8 41.
Re3 h6 42. Be2 Ng7 43. Bg4 Nf5 44. Bxf5 gxf5 45. Qd3 Bg7 46. Rg3 h5 47. g6 Rc5
48. gxf7+ Kf8 49. Rg5 Qc8 50. Qxf5 Rc2+ 51. Kg3 Qc5 52. Kh4 Qf2+ 53. Kxh5 Qf3+
54. Qg4 Qxg4+ 55. Kxg4 Rb2 56. Nxd6 Rxb3 57. Nc4 Rb4 58. Nxa5 Rxa4 59. Nc6 Kxf7
60. Ne5+ Kf8 61. Kf5 Bh6 62. Rg4 Rd4 63. Ke6 Ke8 64. Rg8+ Bf8 65. f5 1-0

[Event "Bahn-SC Wuppertal 1 - SG Porz 2"]
[Site "Oberliga NRW 2016/2017"]
[Date "2016.12.11"]
[Round "4.1"]
[White "Rotstein, Arkadij"]
[Black "Savchenko, Vyacheslav"]
[Result "1/2-1/2"]
[WhiteElo "2480"]
[BlackElo "2332"]
[PlyCount "76"]
[EventDate "2016.??.??"]
[WhiteTeam "SG Porz 2"]
[BlackTeam "Bahn-SC Wuppertal 1"]

1. Nf3 Nf6 2. c4 e6 3. Nc3 d5 4. e3 Be7 5. b3 O-O 6. Bb2 dxc4 7. Bxc4 a6 8. d4
b5 9. Bd3 Bb7 10. O-O c5 11. dxc5 Bxc5 12. e4 Nbd7 13. Qe2 b4 14. Na4 Be7 15.
Rac1 Qa5 16. Nd2 Rfc8 17. Nc4 Qd8 18. Rfd1 Bc6 19. Bxf6 Bxf6 20. e5 Bg5 21. Rc2
Bxa4 22. bxa4 Qe7 23. f4 Bh6 24. Nd6 Rxc2 25. Qe4 Nf8 26. Bxc2 Rb8 27. g4 g6
28. g5 Bg7 29. Qd4 Qc7 30. Bb3 h6 31. h4 a5 32. Qe3 Rb6 33. Rc1 Rc6 34. Rxc6
Qxc6 35. Nc4 Qa8 36. Bd1 Qd5 37. Be2 hxg5 38. hxg5 Nd7 1/2-1/2

[Event "Bahn-SC Wuppertal 1 - SG Porz 2"]
[Site "Oberliga NRW 2016/2017"]
[Date "2016.12.11"]
[Round "4.2"]
[White "Savchenko, Aleksij"]
[Black "Malykin, Vitaly"]
[Result "1/2-1/2"]
[WhiteElo "2238"]
[BlackElo "2367"]
[PlyCount "32"]
[EventDate "2016.??.??"]
[WhiteTeam "Bahn-SC Wuppertal 1"]
[BlackTeam "SG Porz 2"]

1. d4 d5 2. Nf3 Nf6 3. e3 Bf5 4. Be2 c6 5. b3 e6 6. Ne5 Bb4+ 7. Bd2 Bxd2+ 8.
Nxd2 h6 9. Bd3 Bxd3 10. cxd3 Nbd7 11. Ndf3 O-O 12. O-O a5 13. Qd2 Nxe5 14. Nxe5
Ne8 15. a4 Nd6 16. Rfe1 f6 1/2-1/2

[Event "Bahn-SC Wuppertal 1 - SG Porz 2"]
[Site "Oberliga NRW 2016/2017"]
[Date "2016.12.11"]
[Round "4.3"]
[White "Korotkjevich, Stanislav"]
[Black "Khanukov, Boris"]
[Result "1/2-1/2"]
[WhiteElo "2354"]
[BlackElo "2233"]
[PlyCount "172"]
[EventDate "2016.??.??"]
[WhiteTeam "SG Porz 2"]
[BlackTeam "Bahn-SC Wuppertal 1"]

1. d4 Nf6 2. Nf3 e6 3. c4 d5 4. Nc3 Be7 5. Bf4 c6 6. e3 O-O 7. a3 b6 8. Rc1 Bb7
9. cxd5 Nxd5 10. Nxd5 exd5 11. Be2 Nd7 12. O-O Re8 13. Qa4 a5 14. Rfd1 Rc8 15.
h3 Bf8 16. b4 b5 17. Qb3 axb4 18. axb4 Qe7 19. Rb1 Ra8 20. Ne1 Nb6 21. Nd3 Nc4
22. Ra1 g5 23. Rxa8 Rxa8 24. Bh2 Bc8 25. Nc5 Qa7 26. e4 Bxc5 27. dxc5 Be6 28.
Qg3 Qe7 29. Bf3 f5 30. exf5 Bxf5 31. h4 h6 32. hxg5 hxg5 33. Bh5 Kh7 34. f3 Qg7
35. Qe1 Kh6 36. g4 Bd7 37. Bg3 Qf6 38. Qe2 Ra1 39. Bf2 Rxd1+ 40. Qxd1 Ne5 41.
Kg2 Ng6 42. Bxg6 Kxg6 43. Bd4 Qf4 44. Qb1+ Kf7 45. Qh7+ Ke8 46. Qg8+ Ke7 47.
Qg7+ Ke6 48. Qh8 Ke7 49. Be5 Qd2+ 50. Kh3 Qc1 51. Qg7+ Ke8 52. Qg6+ Kd8 53.
Bf6+ Kc8 54. Qxg5 Qh1+ 55. Kg3 Qe1+ 56. Kf4 Qxb4+ 57. Ke5 Qe1+ 58. Kd4 b4 59.
Kd3 Qd1+ 60. Ke3 b3 61. Qg8+ Kb7 62. Qd8 Qc1+ 63. Ke2 Qc4+ 64. Ke1 Qc1+ 65. Kf2
Qxc5+ 66. Kg2 Bc8 67. Be5 Qb6 68. Qd6 Ka6 69. g5 c5 70. Qxd5 Be6 71. Qa8+ Kb5
72. g6 Bc4 73. Qe4 Qc6 74. Qg4 Qe6 75. Qg5 b2 76. Bxb2 Qe2+ 77. Kg3 Qxb2 78. g7
Qb3 79. Qd8 Bd5 80. Qf8 Bg8 81. Qb8+ Ka4 82. Qa8+ Kb4 83. Qb8+ Kc3 84. Qe5+ Kb4
85. Qb8+ Kc3 86. Qe5+ Kb4 1/2-1/2

[Event "Bahn-SC Wuppertal 1 - SG Porz 2"]
[Site "Oberliga NRW 2016/2017"]
[Date "2016.12.11"]
[Round "4.4"]
[White "Bashilin, Roman"]
[Black "Gallinnis, Norbert"]
[Result "1-0"]
[WhiteElo "2208"]
[BlackElo "2131"]
[PlyCount "49"]
[EventDate "2016.??.??"]
[WhiteTeam "Bahn-SC Wuppertal 1"]
[BlackTeam "SG Porz 2"]

1. d4 Nf6 2. Nf3 c5 3. c3 e6 4. Bf4 Qb6 5. Qb3 Nc6 6. e3 Nd5 7. Bg3 f5 8. Bc4
Na5 9. Qxb6 Nxb6 10. Be2 cxd4 11. Nxd4 d6 12. Nb5 Kd7 13. N1a3 Nd5 14. c4 Nf6
15. Rd1 Ne4 16. Nxd6 Nxg3 17. hxg3 Kc6 18. Bf3+ Kc5 19. Nf7 Rg8 20. Rd8 h6 21.
O-O Nc6 22. Bxc6 bxc6 23. Rfd1 a5 24. Ne5 Kb6 25. Nd7+ 1-0